00346nam a22001457a 4500003000400000005001700004008004100021020001500062040002900077050001300106100001700119245002300136300000900159650003200168OSt20251003143824.0251003b |||||||| |||| 00| 0 eng d a0393021971 cChuka University Library aMT 6.K22 aRoger Kamien aThe Norton Scores  a732p aMusic analysis appreciation